Vplyv neprievarov zváraných plnostenných I nosníkov na únavovú pevnosť v ohybe : Diplomová práca

Enregistré dans:
Détails bibliographiques
Auteur principal: Turňová, Darina (Auteur)
Autres auteurs: Bendis, Anton (xxx)
Format: Manuscrit Livre
Langue:slovaque
Publié: Trnava : SVŠT v Bratislave StF KZZaPM, 1987
Sujets:
Tags: Ajouter un tag
Pas de tags, Soyez le premier à ajouter un tag!

MARC

LEADER 00000ntm a22000003a 4500
001 stu92239
005 20160719162643.8
008 050107s1987----cs------------------slo-d
040 |a STU  |b slo 
041 0 |a slo 
044 |a cs 
100 1 |a Turňová, Darina  |4 aut 
245 1 |a Vplyv neprievarov zváraných plnostenných I nosníkov na únavovú pevnosť v ohybe :  |b Diplomová práca 
260 |a Trnava :  |b SVŠT v Bratislave StF KZZaPM,  |c 1987 
300 |a 78 s 
650 7 |a strojárska technológia  |2 stusub 
650 7 |a zváranie  |2 stusub 
700 1 |a Bendis, Anton  |4 xxx 
996 |b 284M043034  |c M*DP-2640  |l MMSKP  |s P  |a 0  |w stu92239_0001